000 00345nam a2200133Ia 4500
008 151001s9999||||xx |||||||||||||| ||und||
100 _a गुलजार
245 _aगुड्डी
250 _a1
260 _bमयूर पब्लिकेशन उस्मनाबाद
260 _c1972
300 _a104
365 _b18
999 _c955578
_d955575